| 000 | 00898nam a2200205 i 4500 | ||
|---|---|---|---|
| 001 | 185336 | ||
| 003 | ES-MaACL | ||
| 005 | 20241110172454.0 | ||
| 008 | 160523s1902 xxk |||| | eng d | ||
| 110 | 2 |
_aBernard Quaritch (Firma) _9159203 |
|
| 245 | 1 | 2 |
_aA catalogue of rare and valuable books comprising works on the fine arts, bibliography english literature and topography greek and latin classics and a great variety of recent purchases : _boffered at the net prices afffixed / _cby Bernard Quaritch. |
| 260 |
_aLondon : _bBernard Quaritch, _c1902. |
||
| 300 |
_a112 p. ; _c25 cm. |
||
| 594 | _aPrecede al tit.: nº 213, march 1902. | ||
| 610 | 2 | 4 |
_aBernard Quaritch (Firma)- _vCatálogos. _9159595 |
| 650 | 4 |
_aLibros raros- _vBibliografías. _9136416 |
|
| 852 |
_aES-MaACL _jT-969-F-17 _z.- Enc. en un vol. factico con la cub. original |
||
| 942 | _2udc | ||
| 999 |
_c185336 _d185336 |
||